000 00475cam a2200145 4500500
005 20251228082900.0
041 _afre
042 _adc
100 1 0 _ade Gaudemar, Martine
_eauthor
245 0 0 _aRelativisme et perspectivisme chez Leibniz
260 _c2005.
500 _a6
786 0 _nDix-septième siècle | 226 | 1 | 2005-03-01 | p. 111-134 | 0012-4273
856 4 1 _uhttps://shs.cairn.info/revue-dix-septieme-siecle-2005-1-page-111?lang=fr&redirect-ssocas=7080
999 _c1599966
_d1599966